Historyczni władcy #1 - Statystyki

Ogólne statystyki
  • Ten quiz został rozwiązany 3 278 razy
  • Średni wynik to 14 z 22
Statystyki odpowiedzi
Władca Naród % Poprawnych
Juliusz Cezar Rzym
96%
Napoleon Francja
93%
Królowa Elżbieta I Anglia
91%
Cesarz Wilhelm II Niemcy
91%
Katarzyna Wielka Rosja
91%
Hirohito Japonia
87%
Tutanchamon Egipt
86%
Czyngis-chan Imperium Mongolskie
81%
Franciszek Józef I Austria
79%
Salomon Izrael
73%
Leonidas Sparta
73%
Ferdynand & Izabela Hiszpania
72%
Cyrus II Wielki Persja
57%
Mehmed II Imperium Osmańskie
56%
Nabuchodonozor II Babilon
43%
Montezuma II Imperium Azteków
43%
Odyseusz Itaka
43%
Atahuallpa Imperium Inków
39%
Hajle Syllasje I Etiopia
38%
Robert I Bruce Szkocja
34%
Otton I Wielki Święte Cesarstwo Rzymskie
33%
Kosma Medyceusz Starszy Florencja
23%
Nie znaleziono quizów pasujących do podanych kryteriów
Rozkład punktacji
Procent ludzi z każdym wynikiem
Percentyl według liczby udzielonych odpowiedzi
Twoja historia wyników
Nie rozwiązałeś tego quizu